<?xml version="1.0" encoding="UTF-8"?>
<record
    xmlns:xsi="http://www.w3.org/2001/XMLSchema-instance"
    xsi:schemaLocation="http://www.loc.gov/MARC21/slim http://www.loc.gov/standards/marcxml/schema/MARC21slim.xsd"
    xmlns="http://www.loc.gov/MARC21/slim">

  <leader>00481nam a2200181   4500</leader>
  <controlfield tag="005">20250702155507.0</controlfield>
  <controlfield tag="008">170920b        xxu||||| |||| 00| 0 eng d</controlfield>
  <datafield tag="020" ind1=" " ind2=" ">
    <subfield code="a">9788126516810</subfield>
  </datafield>
  <datafield tag="041" ind1=" " ind2=" ">
    <subfield code="a">eng</subfield>
  </datafield>
  <datafield tag="082" ind1=" " ind2=" ">
    <subfield code="a">621.38152</subfield>
    <subfield code="b">SZE/S</subfield>
  </datafield>
  <datafield tag="100" ind1=" " ind2=" ">
    <subfield code="a">Sze, S.M.</subfield>
  </datafield>
  <datafield tag="245" ind1=" " ind2=" ">
    <subfield code="a">Semiconductor Devices, Physics and Technology [2nd ed.] /</subfield>
    <subfield code="c">S.M. Sze and Lee M.K.</subfield>
  </datafield>
  <datafield tag="250" ind1=" " ind2=" ">
    <subfield code="a">2nd Ed.</subfield>
  </datafield>
  <datafield tag="260" ind1=" " ind2=" ">
    <subfield code="a">New Delhi :</subfield>
    <subfield code="b">Wiley,</subfield>
    <subfield code="c">&#xA9;2002</subfield>
  </datafield>
  <datafield tag="300" ind1=" " ind2=" ">
    <subfield code="a">viii, 564p.</subfield>
  </datafield>
  <datafield tag="700" ind1=" " ind2=" ">
    <subfield code="a">M.K., Lee </subfield>
  </datafield>
  <datafield tag="942" ind1=" " ind2=" ">
    <subfield code="c">BK</subfield>
  </datafield>
  <datafield tag="999" ind1=" " ind2=" ">
    <subfield code="c">932</subfield>
    <subfield code="d">932</subfield>
  </datafield>
  <datafield tag="952" ind1=" " ind2=" ">
    <subfield code="0">0</subfield>
    <subfield code="1">0</subfield>
    <subfield code="4">0</subfield>
    <subfield code="7">0</subfield>
    <subfield code="8">ECE</subfield>
    <subfield code="a">IITTP</subfield>
    <subfield code="b">IITTP</subfield>
    <subfield code="c">GEN</subfield>
    <subfield code="d">2022-07-29</subfield>
    <subfield code="e">USA Books</subfield>
    <subfield code="g">588.05</subfield>
    <subfield code="i">8907</subfield>
    <subfield code="l">7</subfield>
    <subfield code="m">7</subfield>
    <subfield code="o">621.38152 SZE/S</subfield>
    <subfield code="p">03014</subfield>
    <subfield code="r">2025-11-22 00:00:00</subfield>
    <subfield code="s">2025-11-06</subfield>
    <subfield code="v">619.00</subfield>
    <subfield code="w">2017-09-17</subfield>
    <subfield code="y">BK</subfield>
  </datafield>
  <datafield tag="952" ind1=" " ind2=" ">
    <subfield code="0">0</subfield>
    <subfield code="1">0</subfield>
    <subfield code="4">0</subfield>
    <subfield code="7">0</subfield>
    <subfield code="8">ECE</subfield>
    <subfield code="a">IITTP</subfield>
    <subfield code="b">IITTP</subfield>
    <subfield code="c">GEN</subfield>
    <subfield code="d">2022-07-29</subfield>
    <subfield code="e">USA Books</subfield>
    <subfield code="g">588.05</subfield>
    <subfield code="i">8907</subfield>
    <subfield code="l">14</subfield>
    <subfield code="m">7</subfield>
    <subfield code="o">621.38152 SZE/S</subfield>
    <subfield code="p">03015</subfield>
    <subfield code="r">2025-12-01 00:00:00</subfield>
    <subfield code="s">2025-11-07</subfield>
    <subfield code="v">619.00</subfield>
    <subfield code="w">2017-09-17</subfield>
    <subfield code="y">BK</subfield>
  </datafield>
  <datafield tag="952" ind1=" " ind2=" ">
    <subfield code="0">0</subfield>
    <subfield code="1">0</subfield>
    <subfield code="4">0</subfield>
    <subfield code="7">0</subfield>
    <subfield code="8">ECE</subfield>
    <subfield code="a">IITTP</subfield>
    <subfield code="b">IITTP</subfield>
    <subfield code="c">GEN</subfield>
    <subfield code="d">2022-07-29</subfield>
    <subfield code="e">USA Books</subfield>
    <subfield code="g">588.05</subfield>
    <subfield code="i">8907</subfield>
    <subfield code="l">8</subfield>
    <subfield code="m">10</subfield>
    <subfield code="o">621.38152 SZE/S</subfield>
    <subfield code="p">03016</subfield>
    <subfield code="r">2025-05-07 00:00:00</subfield>
    <subfield code="s">2025-01-01</subfield>
    <subfield code="v">619.00</subfield>
    <subfield code="w">2017-09-17</subfield>
    <subfield code="y">BK</subfield>
  </datafield>
  <datafield tag="952" ind1=" " ind2=" ">
    <subfield code="0">0</subfield>
    <subfield code="1">0</subfield>
    <subfield code="4">0</subfield>
    <subfield code="7">0</subfield>
    <subfield code="8">ECE</subfield>
    <subfield code="a">IITTP</subfield>
    <subfield code="b">IITTP</subfield>
    <subfield code="c">GEN</subfield>
    <subfield code="d">2022-07-29</subfield>
    <subfield code="e">USA Books</subfield>
    <subfield code="g">588.05</subfield>
    <subfield code="i">8907</subfield>
    <subfield code="l">6</subfield>
    <subfield code="m">3</subfield>
    <subfield code="o">621.38152 SZE/S</subfield>
    <subfield code="p">03017</subfield>
    <subfield code="r">2025-12-22 00:00:00</subfield>
    <subfield code="s">2025-12-18</subfield>
    <subfield code="v">619.00</subfield>
    <subfield code="w">2017-09-17</subfield>
    <subfield code="y">BK</subfield>
  </datafield>
  <datafield tag="952" ind1=" " ind2=" ">
    <subfield code="0">0</subfield>
    <subfield code="1">0</subfield>
    <subfield code="4">0</subfield>
    <subfield code="7">0</subfield>
    <subfield code="8">ECE</subfield>
    <subfield code="a">IITTP</subfield>
    <subfield code="b">IITTP</subfield>
    <subfield code="c">GEN</subfield>
    <subfield code="d">2022-07-29</subfield>
    <subfield code="e">USA Books</subfield>
    <subfield code="g">588.05</subfield>
    <subfield code="i">8907</subfield>
    <subfield code="l">6</subfield>
    <subfield code="m">2</subfield>
    <subfield code="o">621.38152 SZE/S</subfield>
    <subfield code="p">03018</subfield>
    <subfield code="r">2025-12-13 00:00:00</subfield>
    <subfield code="s">2025-09-15</subfield>
    <subfield code="v">619.00</subfield>
    <subfield code="w">2017-09-17</subfield>
    <subfield code="y">BK</subfield>
  </datafield>
  <datafield tag="952" ind1=" " ind2=" ">
    <subfield code="0">0</subfield>
    <subfield code="1">0</subfield>
    <subfield code="4">0</subfield>
    <subfield code="7">0</subfield>
    <subfield code="8">ECE</subfield>
    <subfield code="a">IITTP</subfield>
    <subfield code="b">IITTP</subfield>
    <subfield code="c">GEN</subfield>
    <subfield code="d">2022-07-29</subfield>
    <subfield code="e">USA Books</subfield>
    <subfield code="g">588.05</subfield>
    <subfield code="i">8907</subfield>
    <subfield code="l">9</subfield>
    <subfield code="m">4</subfield>
    <subfield code="o">621.38152 SZE/S</subfield>
    <subfield code="p">03019</subfield>
    <subfield code="r">2025-06-16 00:00:00</subfield>
    <subfield code="s">2024-08-06</subfield>
    <subfield code="v">619.00</subfield>
    <subfield code="w">2017-09-17</subfield>
    <subfield code="y">BK</subfield>
  </datafield>
  <datafield tag="952" ind1=" " ind2=" ">
    <subfield code="0">0</subfield>
    <subfield code="1">0</subfield>
    <subfield code="4">0</subfield>
    <subfield code="7">0</subfield>
    <subfield code="8">ECE</subfield>
    <subfield code="a">IITTP</subfield>
    <subfield code="b">IITTP</subfield>
    <subfield code="c">REF</subfield>
    <subfield code="d">2022-07-29</subfield>
    <subfield code="e">USA Books</subfield>
    <subfield code="g">588.05</subfield>
    <subfield code="i">8907</subfield>
    <subfield code="l">3</subfield>
    <subfield code="o">REF 621.38152 SzeS2</subfield>
    <subfield code="p">03020</subfield>
    <subfield code="r">2022-08-19 00:00:00</subfield>
    <subfield code="s">2022-04-14</subfield>
    <subfield code="v">619.00</subfield>
    <subfield code="w">2017-09-17</subfield>
    <subfield code="y">REF</subfield>
  </datafield>
</record>
